| 000 | 00949 a2200217 4500 | ||
|---|---|---|---|
| 001 | 29636 | ||
| 005 | 20260407155606.0 | ||
| 008 | 260407a1953 arg spa d | ||
| 003 | AR-UNSa-BCEJYS | ||
| 040 |
_aAR-UNSa-BCEJYS _bspa _cAR-UNSa-BCEJYS |
||
| 080 |
_a657.36 _xBalances de comprobación (balance estimativo). Balances de saldo. Balance intermedio |
||
| 245 | 1 | 0 | _aInventarios y balances |
| 250 | _a3a. ed | ||
| 264 | 1 |
_aBarcelona : _bLabor _c1953 |
|
| 300 |
_a357 p. _c20 cm. |
||
| 505 | _a1. La teoría de la invariabilidad del capital - 2. Balance preparatorio - 3. Regularización de cuentas - 4. Balance general de cuentas y cierre de libros - 5. Balance de invetario - 6. Liquidación de pérdidas y ganancias - 7. Reservas - 8. Distribución de beneficios - 9. Interés del capital - 10. Cuestiones especiales | ||
| 942 | _cBK | ||
| 590 | _aniveau_biblio:m niveau_hierar:0 | ||
| 100 | 1 | _aBatardon, Leon | |
| 700 | 1 | _aBoter, Fernando | |
| 999 |
_c1915 _d1915 |
||